2025-26 Champions League teams on a map - Statistics

General Stats
  • This quiz has been taken 789 times
    416 since last reset
  • The average score is 31 of 36
Answers on the Map
Answers color-coded by a green-red scale on the quiz's map according to % correct below.
 
Answer Stats
Club % Correct
Barcelona
98%
Real Madrid
98%
Liverpool
97%
Manchester City
97%
Paris Saint-Germain
97%
Arsenal
96%
Atlético Madrid
96%
Bayern Munich
96%
Chelsea
96%
Inter Milan
96%
Benfica
93%
Juventus
93%
Sporting CP
93%
Tottenham Hotspur
93%
Borussia Dortmund
92%
Napoli
92%
Newcastle United
92%
Ajax
91%
AS Monaco
91%
Olympique de Marseille
90%
Athletic Club
88%
Club Brugge
86%
Galatasaray
86%
FC Copenhagen
84%
PSV Eindhoven
84%
Olympiacos
82%
Bayer Leverkusen
81%
Atalanta Bergamo
77%
Eintracht Frankfurt
77%
Villarreal
75%
Bodø/Glimt
74%
Kairat Almaty
70%
Slavia Praha
68%
Pafos
65%
Qarabağ
64%
Union Saint-Gilloise
56%
No matching quizzes found
Score Distribution
Percent of People with Each Score
Percentile by Number Answered
Your Score History
You have not taken this quiz since the last reset